000 00521nmm a2200169Ia 4500
008 251105s9999||||xx |||||||||||||||||und||
020 _a9789587715743
041 _aspa
100 _aZuluaga Potes, Jorge Hernán
245 0 _aCartilla impuesto al valor agregado, 2018 (4a ed.)
264 _a[Bogotá, Colombia] :
_bEcoe Ediciones,
_c2018
300 _a234 páginas
490 _aCiencias empresariales
650 _aEconomics and Business
856 _uhttps://public.digitaliapublishing.com/a/66607
942 _cCF
999 _c96250
_d96250